000 00723nam a2200265 a 4500
003 AR-BaBNM
005 20251128204927.0
008 082120s2002 ||||||||||||||000 | spa||
020 _a84-277-0878-5
040 _cAR-BaBNM
100 1 _aMartínez, María Pilar
245 0 0 _aDificultades de aprendizaje
260 _aMadrid
_bNarcea
_c1990
300 _a64 p.
_bil.
490 0 _aPadres
500 _aContiene referencias bibliográficas
650 4 _aDESARROLLO DEL NIÑO
650 4 _aDESARROLLO DEL LENGUAJE
650 4 _aDESARROLLO DEL VOCABULARIO
653 _aPROCESO DE ENSEÑANZA-APRENDIZAJE
700 1 _aGarcía, María Carmen
700 1 _aMontoro, Juana María
942 _cBK
998 _csilvi
999 _c9366
_d9366